[Event "corr freechess 2012"]
[Site "freechess.de"]
[Date "2012.02.04"]
[Round "?"]
[White "Kevekordes, Peter"]
[Black "Salzmann, Stefan"]
[Result "1/2-1/2"]
[WhiteElo "2199"]
[BlackElo "2020"]
[PlyCount "81"]
[EventDate "2012.??.??"]
[EventType "tourn (corr)"]
[SourceTitle "OM Corr 202003"]
[Source "Opening Master"]
[SourceDate "2019.05.30"]
[SourceVersion "2"]
[SourceVersionDate "2019.05.30"]
[SourceQuality "1"]

1. e4 e5 2. Nf3 Nc6 3. c3 Nf6 4. d4 Nxe4 5. d5 Ne7 6. Nxe5 Ng6 7. Qd4 Qf6 8.
Qxe4 Qxe5 9. Qxe5+ Nxe5 10. Nd2 d6 11. Nc4 Nxc4 12. Bxc4 Be7 13. O-O O-O 14.
Be3 Bf6 15. a4 Bf5 16. a5 a6 17. Rfe1 Rfe8 18. f3 Re7 19. Kf2 Rae8 20. Re2 Bd7
21. Ra3 g6 22. Rb3 Bc8 23. Rb4 Kg7 24. Bd3 Re5 25. Be4 R5e7 26. Rc4 h5 27. Bd3
Kg8 28. Bf4 Rxe2+ 29. Bxe2 Bd8 30. Bd1 Kg7 31. Ba4 c6 32. Re4 Rxe4 33. fxe4
cxd5 34. exd5 Bxa5 35. Bxd6 b5 36. Bc2 Bb7 37. Be4 Bb6+ 38. Ke2 f5 39. Bf3 g5
40. g3 g4 41. Bh1 1/2-1/2

[Event "Nova Gorica op-A 17th"]
[Site "Nova Gorica"]
[Date "2012.01.29"]
[Round "5"]
[White "Lucovnik, Tilen"]
[Black "Laco, Igor"]
[Result "1-0"]
[WhiteElo "1856"]
[BlackElo "1600"]
[PlyCount "41"]
[EventDate "2012.01.27"]
[EventType "swiss"]
[EventRounds "9"]
[EventCountry "SLO"]
[SourceTitle "CBM 146 Extra"]
[Source "ChessBase"]
[SourceDate "2012.02.29"]
[SourceVersion "1"]
[SourceVersionDate "2012.02.29"]
[SourceQuality "1"]

1. e4 e5 2. Nf3 Nc6 3. c3 Nf6 4. d4 exd4 5. e5 Ne4 6. cxd4 d5 7. Bb5 Bd7 8.
Bxc6 Bxc6 9. O-O Bd7 10. Qb3 Bc6 11. Be3 Qd7 12. Nc3 f6 13. Rac1 Be7 14. Rfd1
g5 15. exf6 Bxf6 16. Nxe4 dxe4 17. Ne5 Bxe5 18. dxe5 Qe7 19. e6 Rd8 20. Rxd8+
Kxd8 21. Rxc6 1-0

[Event "Nova Gorica op-A 17th"]
[Site "Nova Gorica"]
[Date "2012.01.29"]
[Round "4"]
[White "Picco, Ruggero"]
[Black "Koscak, Jan"]
[Result "0-1"]
[WhiteElo "2024"]
[BlackElo "1787"]
[PlyCount "84"]
[EventDate "2012.01.27"]
[EventType "swiss"]
[EventRounds "9"]
[EventCountry "SLO"]
[SourceTitle "CBM 146 Extra"]
[Source "ChessBase"]
[SourceDate "2012.02.29"]
[SourceVersion "1"]
[SourceVersionDate "2012.02.29"]
[SourceQuality "1"]

1. e4 e5 2. Nf3 Nc6 3. c3 d5 4. Qa4 f6 5. Bb5 Nge7 6. d3 a6 7. O-O Bd7 8. Bxc6
Bxc6 9. Qc2 Qd7 10. a4 Ng6 11. Re1 O-O-O 12. b4 Kb8 13. Nbd2 Nf4 14. Nf1 g5 15.
Bxf4 gxf4 16. Qa2 b6 17. b5 axb5 18. axb5 Bb7 19. Qa4 Rg8 20. g3 Qg4 21. Kg2
dxe4 22. dxe4 Rd3 23. N1d2 Bc5 24. h3 Qg7 25. g4 h5 26. Rg1 Qd7 27. Qc4 Rg7 28.
Kf1 Rxd2 29. Nxd2 Qxd2 30. Ra2 Qc1+ 31. Kg2 f3+ 32. Kh1 Qg5 33. Qe6 Re7 34. Qc4
Re8 35. Qf7 Rf8 36. Qh7 Qh4 37. Qxh5 Qxh5 38. gxh5 Bxe4 39. Rg4 f5 40. Rg6 Rh8
41. h6 f4 42. Rf6 Be7 0-1

[Event "Fast & Furious"]
[Site "http://gameknot.com/chess.pl?"]
[Date "2012.01.29"]
[Round "?"]
[White "locathah"]
[Black "mrjbpr"]
[Result "0-1"]
[WhiteElo "2108"]
[BlackElo "2147"]
[PlyCount "62"]
[EventDate "2012.??.??"]
[SourceTitle "OM Portal C 201906"]
[Source "Opening Master"]
[SourceDate "2019.06.27"]
[SourceVersion "1"]
[SourceVersionDate "2019.06.27"]
[SourceQuality "1"]

1. e4 e5 2. Nf3 Nc6 3. c3 Nf6 4. d4 Nxe4 5. d5 Ne7 6. Nxe5 Ng6 7. Qf3 Nf6 8.
Nxg6 hxg6 9. Be3 b6 10. d6 Rb8 11. dxc7 Qxc7 12. Bf4 Bd6 13. Bxd6 Qxd6 14. Qd3
Qe6+ 15. Be2 Nd5 16. Qd2 g5 17. O-O Nf4 18. Bf3 Qh6 19. h3 Kf8 20. Bg4 d5 21.
Bxc8 Rxc8 22. f3 Re8 23. Re1 Rxe1+ 24. Qxe1 Nxg2 25. Qe5 Qxh3 26. Qb8+ Ke7 27.
Qc7+ Ke8 28. Nd2 f6 29. Qc6+ Kd8 30. Qxd5+ Kc7 31. Kf2 Nf4 0-1

[Event "SVK-chT2D 1112"]
[Site "Slovakia"]
[Date "2012.01.28"]
[Round "8.5"]
[White "Stec, Juraj"]
[Black "Nemergut, Patrik"]
[Result "0-1"]
[WhiteElo "1999"]
[BlackElo "1916"]
[PlyCount "82"]
[EventDate "2011.10.08"]
[EventType "team-tourn"]
[EventRounds "11"]
[EventCountry "SVK"]
[SourceTitle "EXT 2013"]
[Source "ChessBase"]
[SourceDate "2012.11.22"]
[SourceVersion "1"]
[SourceVersionDate "2012.11.22"]
[SourceQuality "1"]

1. e4 e5 2. Nf3 Nc6 3. c3 d5 4. Bb5 f6 5. Qa4 Nge7 6. exd5 Qxd5 7. O-O Bf5 8.
d4 exd4 9. Nxd4 O-O-O 10. Be3 Nxd4 11. Bxd4 a6 12. Bc4 Qc6 13. Qb3 Ng6 14. Nd2
Nh4 15. f3 Bc5 16. Kh1 Bxd4 17. cxd4 Rxd4 18. Rf2 Rhd8 19. Rd1 b5 20. Bf1 Bc2
21. Rc1 Bxb3 22. Rxc6 Rxd2 23. Rxd2 Rxd2 24. axb3 Kb7 25. Rc3 Ng6 26. g3 Rxb2
27. Bd3 Kb6 28. Be4 c5 29. Rd3 Ne5 30. Rd6+ Ka5 31. f4 Ng4 32. Bb7 Rxh2+ 33.
Kg1 Rb2 34. Rxa6+ Kb4 35. Bc8 Ne3 36. Bh3 Rxb3 37. Ra7 c4 38. Be6 Rb2 39. Rxg7
c3 40. Rxh7 c2 41. Rc7 Nc4 0-1

[Event "Muensterland Verbandsliga 1112"]
[Site "Germany"]
[Date "2012.01.28"]
[Round "6.6"]
[White "Wigger, Reiner"]
[Black "Schwietering, Ralf"]
[Result "0-1"]
[WhiteElo "1865"]
[BlackElo "1820"]
[PlyCount "152"]
[EventDate "2011.09.24"]
[EventType "team-tourn"]
[EventRounds "9"]
[EventCountry "GER"]
[SourceTitle "EXT 2013"]
[Source "ChessBase"]
[SourceDate "2012.11.22"]
[SourceVersion "1"]
[SourceVersionDate "2012.11.22"]
[SourceQuality "1"]
[WhiteTeam "Muenster Indische Dame"]
[BlackTeam "Ochtrup"]
[WhiteTeamCountry "GER"]
[BlackTeamCountry "GER"]

1. e4 e5 2. Nf3 Nc6 3. c3 Nf6 4. d4 d6 5. h3 exd4 6. cxd4 Qe7 7. Bd3 Bd7 8. O-O
O-O-O 9. Nc3 Kb8 10. Re1 h6 11. Be3 g5 12. Nh2 Bg7 13. a3 Nh7 14. Bc2 Qf8 15.
Qd3 Ne7 16. g4 h5 17. f3 hxg4 18. hxg4 Ng6 19. Qd2 Qg8 20. Rad1 Nh4 21. Bf2 Ng6
22. Bg3 Nhf8 23. Qxg5 Ne6 24. Qe3 Rh3 25. Ne2 Qh8 26. Qf2 Nxd4 27. Nxd4 Bxd4
28. Rxd4 Rxg3+ 29. Qxg3 Qxd4+ 30. Qf2 Qxb2 31. a4 Qa2 32. Bd1 Qc4 33. Qc2 Qxc2
34. Bxc2 Rh8 35. Nf1 Ne5 36. Kg2 b6 37. Ne3 Kb7 38. Kg3 Be6 39. f4 Nc6 40. f5
Bd7 41. Bb3 Ne5 42. Nc4 f6 43. Nxe5 dxe5 44. g5 fxg5 45. Kg4 Kc8 46. Kxg5 Rf8
47. Rd1 c6 48. Rd6 Kc7 49. Rh6 a6 50. f6 b5 51. axb5 axb5 52. f7 c5 53. Bd5 c4
54. Kf6 Kd6 55. Rh5 c3 56. Bb3 Be8 57. Rh3 b4 58. Rh1 Kc5 59. Rd1 Bxf7 60. Bxf7
Rxf7+ 61. Kxf7 c2 62. Rd8 b3 63. Ke6 Kb4 64. Rc8 Ka3 65. Kxe5 Kb2 66. Kf6 c1=Q
67. Rxc1 Kxc1 68. e5 b2 69. e6 b1=Q 70. e7 Qb2+ 71. Kf7 Qb3+ 72. Kf8 Qf3+ 73.
Kg7 Qg4+ 74. Kf6 Qg8 75. Ke5 Qe8 76. Ke6 Kc2 0-1

[Event "Nova Gorica op-A 17th"]
[Site "Nova Gorica"]
[Date "2012.01.28"]
[Round "3"]
[White "Petrovic, Marko"]
[Black "Laco, Igor"]
[Result "1/2-1/2"]
[WhiteElo "1979"]
[BlackElo "1600"]
[PlyCount "127"]
[EventDate "2012.01.27"]
[EventType "swiss"]
[EventRounds "9"]
[EventCountry "SLO"]
[SourceTitle "CBM 146 Extra"]
[Source "ChessBase"]
[SourceDate "2012.02.29"]
[SourceVersion "1"]
[SourceVersionDate "2012.02.29"]
[SourceQuality "1"]

1. e4 e5 2. Nf3 Nc6 3. c3 Nf6 4. d4 d5 5. exd5 Qxd5 6. dxe5 Qxd1+ 7. Kxd1 Ng4
8. Be3 Nxe3+ 9. fxe3 Bg4 10. Bb5 O-O-O+ 11. Kc2 Bxf3 12. gxf3 Nxe5 13. Nd2 Bc5
14. Rae1 Rxd2+ 15. Kxd2 Nxf3+ 16. Kc2 Nxe1+ 17. Rxe1 c6 18. Bc4 f6 19. e4 Re8
20. Bf7 Re7 21. Bg8 g5 22. Kd3 Bd6 23. Rf1 Be5 24. h3 Kd7 25. Ke3 Rg7 26. Bc4
h5 27. Rg1 Bc7 28. Kf3 Kd6 29. Bd3 Ke5 30. Rg2 Rd7 31. Bc2 a5 32. Ke2 b5 33.
Rf2 Ke6 34. Rf5 Be5 35. Ke1 h4 36. Bb3+ Kd6 37. Rf3 Kc5 38. Ke2 Rd6 39. Rd3
Rxd3 40. Kxd3 g4 41. hxg4 h3 42. Bd1 Bf4 43. Bf3 Be5 44. b3 Bf4 45. a4 Bc7 46.
Ke3 bxa4 47. bxa4 Kc4 48. e5 Bxe5 49. Bxc6 Kxc3 50. Kf2 h2 51. Kg2 Kd4 52. Kh1
Bd6 53. Bd7 Kc5 54. g5 fxg5 55. Be6 Kd4 56. Bd7 Ke3 57. Bc6 g4 58. Ba8 Kf2 59.
Bb7 Ke3 60. Bc6 g3 61. Bb7 Kd4 62. Ba8 Kc5 63. Bg2 Kb4 64. Bc6 1/2-1/2

[Event "HS-118"]
[Site "BdF-Schachserver"]
[Date "2012.01.28"]
[Round "?"]
[White "Schatz, Dieter"]
[Black "Krause, Norbert"]
[Result "0-1"]
[WhiteElo "1816"]
[BlackElo "1889"]
[PlyCount "90"]
[EventDate "2012.02.08"]
[SourceTitle "OM Corr 202003"]
[Source "Opening Master"]
[SourceDate "2019.05.30"]
[SourceVersion "2"]
[SourceVersionDate "2019.05.30"]
[SourceQuality "1"]

1. e4 e5 2. Nf3 Nc6 3. c3 d5 4. Qa4 Qd6 5. d3 Bd7 6. Qb3 dxe4 7. dxe4 O-O-O 8.
Be3 Nf6 9. Ng5 Be8 10. Be2 Qd7 11. f3 Bd6 12. Nd2 Qe7 13. Nh3 Bc5 14. Bxc5 Qxc5
15. Nc4 Bd7 16. Nf2 Be6 17. Qa3 Nd7 18. b4 Qe7 19. Qc1 h5 20. a4 Kb8 21. a5 a6
22. Ne3 Na7 23. O-O Nf8 24. b5 Nxb5 25. Bxb5 axb5 26. c4 bxc4 27. Qb2 Nd7 28.
Rfb1 Nc5 29. a6 b6 30. Qxe5 Qd6 31. Qxg7 Nb3 32. Rd1 Qc5 33. a7+ Ka8 34. Qc3
Nxa1 35. Rxa1 Rhg8 36. Qe1 c3 37. Rc1 Rd2 38. Qxd2 cxd2 39. Rxc5 bxc5 40. Kf1
h4 41. Ke2 Rd8 42. g4 hxg3 43. hxg3 Kxa7 44. f4 Kb6 45. Nfd1 Kb5 0-1

[Event "RN-2012-0-00444"]
[Site "Lechenicher SchachServer"]
[Date "2012.01.26"]
[Round "?"]
[White "Sas, Istvan"]
[Black "Ventura, Bob"]
[Result "0-1"]
[WhiteElo "724"]
[BlackElo "685"]
[PlyCount "28"]
[EventDate "2012.01.14"]

1. e4 e5 2. Nf3 Nc6 3. c3 Nf6 4. d3 h6 5. Nbd2 d5 6. h3 dxe4 7. dxe4 Bc5 8. Bb5
Bd7 9. Bxc6 Bxc6 10. Qe2 O-O 11. Nb3 Bb6 12. Bd2 Nxe4 13. O-O-O Nxf2 14. Be3
Bxe3+ 0-1

[Event "corr freechess"]
[Site "freechess.de"]
[Date "2012.01.24"]
[Round "?"]
[White "Fant, Serge"]
[Black "Schoch, Pirmin"]
[Result "1-0"]
[WhiteElo "1427"]
[BlackElo "1673"]
[PlyCount "85"]
[EventDate "2012.??.??"]
[EventType "tourn (corr)"]
[SourceTitle "OM Corr 202003"]
[Source "Opening Master"]
[SourceDate "2019.05.30"]
[SourceVersion "2"]
[SourceVersionDate "2019.05.30"]
[SourceQuality "1"]

1. e4 e5 2. Nf3 Nc6 3. c3 Nf6 4. d3 Be7 5. Be2 O-O 6. h3 d5 7. exd5 Nxd5 8. c4
Bb4+ 9. Bd2 Nf4 10. O-O Nxe2+ 11. Qxe2 Bd6 12. Bc3 f6 13. Nbd2 b6 14. a3 Re8
15. b4 Nd4 16. Qe4 Nxf3+ 17. Nxf3 Be6 18. Qe2 c5 19. b5 g5 20. Rfe1 g4 21. hxg4
Bxg4 22. Qe3 Re7 23. Nh2 Bd7 24. Qe4 Be6 25. Qf3 Rg7 26. g3 a6 27. Qc6 axb5 28.
Qxb5 Qc7 29. Qb2 h5 30. Re4 Kf7 31. Qe2 Rh8 32. Rh4 Rgh7 33. a4 Qd7 34. a5 bxa5
35. Rxa5 Bg4 36. Qe4 f5 37. Qd5+ Kf6 38. f3 Qe6 39. fxg4 Qxd5 40. cxd5 fxg4 41.
Ra6 Ke7 42. Kg2 Rf8 43. Ra7+ 1-0

[Event "ZL-2012-0-01076"]
[Site "Lechenicher SchachServer"]
[Date "2012.01.22"]
[Round "?"]
[White "Zivotic, Aleksandar"]
[Black "Fernandez, German"]
[Result "1-0"]
[WhiteElo "1554"]
[BlackElo "1070"]
[PlyCount "63"]
[EventDate "2012.01.17"]

1. e4 e5 2. Nf3 Nc6 3. c3 Nf6 4. d4 d6 5. Bd3 Bg4 6. d5 Ne7 7. c4 b6 8. O-O Ng6
9. Nc3 Be7 10. Be3 O-O 11. h3 Bd7 12. Re1 a6 13. b4 Nh5 14. Ne2 a5 15. a3 Nhf4
16. Nxf4 Nxf4 17. Bf1 f5 18. exf5 Bxf5 19. Bxf4 exf4 20. Bd3 Bxd3 21. Qxd3 Bf6
22. Rad1 Qd7 23. Re6 Rfe8 24. Rde1 Rxe6 25. dxe6 Qc6 26. Nd4 Qe8 27. Qe4 Be5
28. e7 axb4 29. Nc6 bxa3 30. Qd5+ Qf7 31. Nd8 Qxd5 32. e8=R# 1-0

[Event "FICS rated standard game"]
[Site "FICS freechess.org"]
[Date "2012.01.20"]
[Round "?"]
[White "XabacUs"]
[Black "zerowin"]
[Result "1-0"]
[WhiteElo "2408"]
[BlackElo "2492"]
[PlyCount "177"]
[EventDate "2012.??.??"]
[SourceTitle "OM Portal C 201906"]
[Source "Opening Master"]
[SourceDate "2019.06.27"]
[SourceVersion "1"]
[SourceVersionDate "2019.06.27"]
[SourceQuality "1"]

1. e4 e5 2. Nf3 Nc6 3. c3 Nf6 4. d3 g6 5. b4 d5 6. Nbd2 a6 7. Be2 Bh6 8. O-O
O-O 9. Re1 Be6 10. exd5 Nxd5 11. Ne4 Bxc1 12. Qxc1 Nf4 13. Bf1 f6 14. d4 Qe7
15. a4 Bd5 16. Qe3 Rae8 17. dxe5 fxe5 18. b5 Na5 19. bxa6 bxa6 20. g3 Nh5 21.
Bxa6 Nf6 22. Bd3 Bc6 23. Nfd2 Rd8 24. Bb5 Qe6 25. Qa7 Nxe4 26. Nxe4 Nb3 27.
Bxc6 Qxc6 28. Rab1 Nd2 29. Nxd2 Rxd2 30. Rf1 e4 31. Rb8 Qxc3 32. Rxf8+ Kxf8 33.
Qa8+ Kg7 34. Qxe4 Rd7 35. Re1 c5 36. Qe8 Qd4 37. Re4 Qd1+ 38. Kg2 Qd5 39. f3
Rf7 40. Qb5 Qd2+ 41. Re2 Qc3 42. f4 Qd4 43. Qc6 Qd3 44. Qf3 Qd4 45. Re4 Qb2+
46. Qe2 Qxe2+ 47. Rxe2 Ra7 48. Re4 Kf6 49. Kf3 Ra8 50. g4 h5 51. g5+ Kf7 52. h4
Ra6 53. Ke3 Ra7 54. Kd3 Ra5 55. Kc2 Ra7 56. Kc3 Kf8 57. Kb3 Ra8 58. Re5 Ra5 59.
Ka3 Kf7 60. f5 gxf5 61. Rxf5+ Ke6 62. Rf6+ Kd7 63. Rh6 Ke7 64. Rxh5 Ke6 65. g6
Kf6 66. Rg5 Kg7 67. h5 Ra8 68. Rxc5 Kh6 69. a5 Kg7 70. Kb4 Rb8+ 71. Rb5 Re8 72.
a6 Re4+ 73. Kc3 Kh6 74. a7 Re3+ 75. Kd2 Ra3 76. Rb7 Ra2+ 77. Kc3 Ra3+ 78. Kb4
Ra1 79. Rh7+ Kg5 80. g7 Kf5 81. g8=Q Rb1+ 82. Kc3 Rc1+ 83. Kb2 Rc5 84. Rf7+ Ke5
85. Qe8+ Kd4 86. Rf4+ Kd3 87. Qe4+ Kd2 88. Rf2+ Kd1 89. Qe2# 1-0

[Event "Gora Sw Anny op 5th"]
[Site "Gora Sw Anny"]
[Date "2012.01.19"]
[Round "9"]
[White "Ostrowski, Zdzislaw"]
[Black "Korpalska, Joanna"]
[Result "0-1"]
[WhiteElo "1282"]
[BlackElo "1634"]
[PlyCount "65"]
[EventDate "2012.01.11"]
[EventType "swiss"]
[EventRounds "9"]
[EventCountry "POL"]
[SourceTitle "CBM 146 Extra"]
[Source "ChessBase"]
[SourceDate "2012.02.29"]
[SourceVersion "1"]
[SourceVersionDate "2012.02.29"]
[SourceQuality "1"]

1. e4 e5 2. Nf3 Nc6 3. c3 d5 4. exd5 Qxd5 5. d3 Bc5 6. Nbd2 Bf5 7. Qc2 Nf6 8.
c4 Qd7 9. Ne4 Nb4 10. Qd1 Bxe4 11. a3 Nxd3+ 12. Bxd3 Bxd3 13. Nxe5 Qe6 14. f4
O-O-O 15. Bd2 Rhe8 16. Qb3 Bxc4 17. Qa4 Ne4 18. Qxc4 Qxc4 19. Nxc4 Nxd2+ 20.
Ne5 f6 21. O-O-O fxe5 22. fxe5 Nb3+ 23. Kc2 Rxd1 24. Rxd1 Nd4+ 25. Kb1 Rxe5 26.
h3 Re2 27. g4 Rh2 28. Rd3 Rh1+ 29. Ka2 Ne2 30. Rd5 Bd6 31. Rh5 h6 32. Rh4 Nf4
33. g5 0-1

[Event "Klubbmesterskap Drammens schakklub 2012"]
[Site "Drammen"]
[Date "2012.01.17"]
[Round "4"]
[White "Andersson, Øivind"]
[Black "Sliper, Marius"]
[Result "1-0"]
[WhiteElo "1115"]
[BlackElo "975"]
[PlyCount "123"]
[EventDate "2012.??.??"]

1. e4 e5 2. Nf3 Nc6 3. c3 Nf6 4. d3 Bc5 5. b4 Bb6 6. b5 Ne7 7. Nxe5 d6 8. Nc4
c6 9. bxc6 bxc6 10. Bf4 Bc7 11. Be2 d5 12. Bxc7 Qxc7 13. Ncd2 dxe4 14. Nxe4
Nxe4 15. dxe4 O-O 16. O-O Rd8 17. Qc2 Be6 18. Nd2 Qf4 19. Nf3 Ng6 20. Nd4 c5
21. Nxe6 fxe6 22. Rad1 Ne5 23. g3 Qh6 24. f4 Nf7 25. e5 Rab8 26. Bc4 Rb6 27.
Rxd8+ Nxd8 28. Rd1 Nf7 29. Qe4 g6 30. Rd2 Qh3 31. Qg2 Qf5 32. Bd3 Qg4 33. h3
Qh5 34. Kh2 Rb8 35. Bc4 Nd8 36. Rd6 Qf5 37. Qd2 Qf8 38. Bxe6+ Nxe6 39. Rxe6 Qf7
40. Rd6 Qc7 41. h4 Qa5 42. Rd7 Qa3 43. Rd8+ Rxd8 44. Qxd8+ Kg7 45. Qd2 c4 46.
Kh3 Qa6 47. Qb2 Qe6+ 48. Kh2 a6 49. Qb4 h5 50. a4 Qg4 51. Qxc4 Qf3 52. Qa2 Qxc3
53. a5 Qe3 54. Qc2 Kf7 55. Qc7+ Ke6 56. Qc6+ Kf5 57. Qc8+ Ke4 58. Qc6+ Kf5 59.
Qc2+ Kg4 60. Qg2 Qc3 61. Qh3+ Kf3 62. g4+ 1-0

[Event "Team match"]
[Site "http://gameknot.com/chess.pl?"]
[Date "2012.01.16"]
[Round "?"]
[White "oregonchessguy"]
[Black "chose_trade"]
[Result "0-1"]
[WhiteElo "2176"]
[BlackElo "2170"]
[PlyCount "82"]
[EventDate "2012.??.??"]
[SourceTitle "OM Portal C 201906"]
[Source "Opening Master"]
[SourceDate "2019.06.27"]
[SourceVersion "1"]
[SourceVersionDate "2019.06.27"]
[SourceQuality "1"]

1. e4 e5 2. Nf3 Nc6 3. c3 Nf6 4. d4 exd4 5. e5 Nd5 6. Qb3 Nb6 7. cxd4 d6 8. Bb5
Be6 9. Qc2 Qd7 10. O-O a6 11. Bxc6 Qxc6 12. Nc3 Nd5 13. Re1 O-O-O 14. Bg5 Re8
15. Qd3 h6 16. Bd2 Nb4 17. Qb1 g6 18. Ne4 dxe5 19. Rc1 Qb6 20. dxe5 Bf5 21. b3
f6 22. g4 Bxg4 23. Nxf6 Bf5 24. Be3 Qe6 25. Qb2 Rd8 26. Qc3 c6 27. Qc4 Be7 28.
Qxe6+ Bxe6 29. Nd4 Bh3 30. Rc4 g5 31. Ne4 Rhe8 32. Rd1 Bf8 33. f4 Nd5 34. Rd3
gxf4 35. Bf2 Bg4 36. Bh4 Ne3 37. Rcc3 Be7 38. Bxe7 Rxe7 39. Rc5 Bh5 40. Nd6+
Kb8 41. Rxc6 Rg8+ 0-1

[Event "BL2-Sued 1112"]
[Site "Germany"]
[Date "2012.01.15"]
[Round "5.7"]
[White "Csonka, Attila Istvan"]
[Black "Cupido, Alexander"]
[Result "1-0"]
[WhiteElo "2380"]
[BlackElo "2115"]
[PlyCount "87"]
[EventDate "2011.10.02"]
[EventType "team-tourn"]
[EventRounds "9"]
[EventCountry "GER"]
[SourceTitle "EXT 2015"]
[Source "ChessBase"]
[SourceDate "2014.11.20"]
[SourceVersion "1"]
[SourceVersionDate "2014.11.20"]
[SourceQuality "1"]
[WhiteTeam "Schwegenheim"]
[BlackTeam "Saarbruecken"]
[WhiteTeamCountry "GER"]
[BlackTeamCountry "GER"]

1. e4 e5 2. Nf3 Nc6 3. c3 d5 4. Bb5 dxe4 5. Nxe5 Qd5 6. Qa4 Nge7 7. f4 exf3 8.
Nxf3 Be6 9. O-O O-O-O 10. d4 Qh5 11. Nbd2 g5 12. Ne4 h6 13. Nc5 Bd5 14. Ba6 Nb8
15. Bxb7+ Bxb7 16. Qxa7 Bc6 17. Ne5 Rd5 18. Nxc6 Nexc6 19. Qb7+ Kd8 20. Qb3 g4
21. Ne4 Bd6 22. Bf4 Bxf4 23. Rxf4 Rf5 24. Qc2 Nd7 25. a4 Rd5 26. Raf1 Rf8 27.
b4 Ne7 28. Nc5 Nxc5 29. bxc5 Qg6 30. Qb3 Rf5 31. Rxf5 Nxf5 32. Qb8+ Ke7 33.
Re1+ Kf6 34. Qxf8 g3 35. h4 Qh5 36. d5 Kg6 37. Qg8+ Ng7 38. Qd8 f6 39. Rf1 Qxh4
40. Qxf6+ Qxf6 41. Rxf6+ Kxf6 42. a5 c6 43. a6 Ne8 44. d6 1-0

[Event "Oberliga Bayern 1112"]
[Site "Bayern"]
[Date "2012.01.15"]
[Round "5.2"]
[White "Suran, Jan"]
[Black "Riediger, Martin"]
[Result "0-1"]
[WhiteElo "2327"]
[BlackElo "2187"]
[PlyCount "98"]
[EventDate "2011.10.02"]
[EventType "team-tourn"]
[EventRounds "9"]
[EventCountry "GER"]
[SourceTitle "EXT 2013"]
[Source "ChessBase"]
[SourceDate "2012.11.22"]
[SourceVersion "1"]
[SourceVersionDate "2012.11.22"]
[SourceQuality "1"]
[WhiteTeam "Passau"]
[BlackTeam "Rottal"]
[WhiteTeamCountry "GER"]
[BlackTeamCountry "GER"]

1. e4 e5 2. Nf3 Nc6 3. c3 Nf6 4. d3 d5 5. Nbd2 a5 6. Be2 g6 7. O-O Bg7 8. Re1
O-O 9. b3 Re8 10. Qc2 b6 11. Bb2 Bb7 12. a3 Nb8 13. Bf1 Nbd7 14. Rad1 c5 15.
exd5 Nxd5 16. c4 Nf4 17. g3 Ne6 18. Bg2 Qc7 19. Re2 f6 20. Nf1 Nd4 21. Bxd4
cxd4 22. N3d2 Bxg2 23. Kxg2 Bf8 24. Qb2 Qd6 25. Ra1 f5 26. Kg1 Nc5 27. Qb1 Bg7
28. f3 e4 29. fxe4 fxe4 30. Nxe4 Nxe4 31. Rxe4 Rxe4 32. dxe4 d3 33. Ra2 Qd4+
34. Rf2 Rf8 35. Qe1 Bh6 36. Kg2 d2 37. Rxd2 Rxf1 38. Rxd4 Rxe1 39. b4 Bf8 40.
bxa5 bxa5 41. Rd5 a4 42. Ra5 Re3 43. Rxa4 Rxa3 44. Rxa3 Bxa3 45. Kf3 Kf7 46. h4
h6 47. h5 g5 48. e5 Ke6 49. Ke4 Bc5 0-1

[Event "BCF-chT2b 1112 (4NCL)"]
[Site "England"]
[Date "2012.01.15"]
[Round "4.6"]
[White "Burton, Graham P"]
[Black "Bourne, Johnathan"]
[Result "1/2-1/2"]
[WhiteElo "2069"]
[BlackElo "2081"]
[PlyCount "26"]
[EventDate "2011.11.12"]
[EventType "team-match"]
[EventRounds "7"]
[EventCountry "ENG"]
[SourceTitle "EXT 2013"]
[Source "ChessBase"]
[SourceDate "2012.11.22"]
[SourceVersion "1"]
[SourceVersionDate "2012.11.22"]
[SourceQuality "1"]
[WhiteTeam "3CS Oldham"]
[BlackTeam "Brown Jack"]
[WhiteTeamCountry "ENG"]
[BlackTeamCountry "ENG"]

1. e4 e5 2. Nf3 Nc6 3. c3 d5 4. Qa4 dxe4 5. Nxe5 Bd7 6. Nxd7 Qxd7 7. Qxe4+ Be7
8. Bb5 Nf6 9. Bxc6 bxc6 10. Qe2 O-O 11. d4 c5 12. Be3 Ng4 13. Na3 cxd4 1/2-1/2

[Event "RN-2011-0-00440"]
[Site "Lechenicher SchachServer"]
[Date "2012.01.15"]
[Round "?"]
[White "Cherry, Brian"]
[Black "Feng, Jason"]
[Result "1/2-1/2"]
[WhiteElo "731"]
[BlackElo "849"]
[PlyCount "45"]
[EventDate "2011.12.30"]

1. e4 e5 2. Nf3 Nc6 3. c3 d5 4. exd5 Qxd5 5. d4 exd4 6. Nxd4 Nxd4 7. Be3 Nf3+
8. Qxf3 Qxf3 9. gxf3 Nf6 10. Nd2 Bd6 11. O-O-O Be6 12. Kb1 O-O 13. Ne4 Bf5 14.
Bd3 Nxe4 15. fxe4 Bd7 16. Rd2 f5 17. f3 fxe4 18. Bxe4 Rab8 19. Bxa7 Ra8 20. Bd4
Bf5 21. Re1 Rae8 22. Rde2 Bxe4+ 23. Rxe4 1/2-1/2

[Event "Seville op 37th"]
[Site "Seville"]
[Date "2012.01.14"]
[Round "8"]
[White "Gallardo Fernandez, Cesar"]
[Black "Bykov, Alexey"]
[Result "0-1"]
[WhiteElo "2209"]
[BlackElo "2337"]
[PlyCount "62"]
[EventDate "2012.01.07"]
[EventType "swiss"]
[EventRounds "9"]
[EventCountry "ESP"]
[SourceTitle "CBM 146 Extra"]
[Source "ChessBase"]
[SourceDate "2012.02.29"]
[SourceVersion "1"]
[SourceVersionDate "2012.02.29"]
[SourceQuality "1"]

1. e4 e5 2. Nf3 Nc6 3. c3 Nf6 4. d3 d5 5. Nbd2 a5 6. Be2 g6 7. b3 Bg7 8. Ba3
Nh5 9. O-O Nf4 10. Re1 Bg4 11. Bf1 d4 12. Qc2 Ne6 13. h3 Bxf3 14. Nxf3 Bf8 15.
Bxf8 Kxf8 16. Qd2 Kg7 17. Rac1 Qd6 18. cxd4 Ncxd4 19. Nxd4 Qxd4 20. Rc4 Qd6 21.
Qc3 c5 22. Qc1 b5 23. Rc2 a4 24. d4 Nxd4 25. Rxc5 axb3 26. Rd5 Qf6 27. axb3
Rhc8 28. Rc5 Rxc5 29. Qxc5 Ra2 30. f3 Rc2 31. Qd5 Qf4 0-1

[Event "Prague op-A 11th"]
[Site "Prague"]
[Date "2012.01.13"]
[Round "1"]
[White "Vavra, Pavel"]
[Black "Fox, Anthony"]
[Result "0-1"]
[WhiteElo "2397"]
[BlackElo "2077"]
[PlyCount "84"]
[EventDate "2012.01.13"]
[EventType "swiss"]
[EventRounds "9"]
[EventCountry "CZE"]
[SourceTitle "CBM 146 Extra"]
[Source "ChessBase"]
[SourceDate "2012.02.29"]
[SourceVersion "1"]
[SourceVersionDate "2012.02.29"]
[SourceQuality "1"]

1. e4 e5 2. Nf3 Nc6 3. c3 Nf6 4. d4 Nxe4 5. d5 Ne7 6. Nxe5 Ng6 7. Nxg6 hxg6 8.
Bd3 Nf6 9. c4 Bb4+ 10. Nd2 Qe7+ 11. Qe2 Qxe2+ 12. Kxe2 O-O 13. Nb3 Re8+ 14. Kf3
d6 15. a3 Bc5 16. Nxc5 dxc5 17. Bf4 Bg4+ 18. Kg3 Rac8 19. Rhe1 Bd7 20. Rxe8+
Bxe8 21. Be3 c6 22. dxc6 Bxc6 23. f3 b6 24. b4 Rd8 25. Bc2 Re8 26. Kf2 Nd7 27.
Rd1 Ne5 28. Bb3 cxb4 29. axb4 b5 30. c5 Re7 31. Bf4 Be8 32. Rd6 Nc6 33. Rxg6
Nxb4 34. Bh6 Kh7 35. Bg5 f6 36. Bxf6 gxf6 37. Rxf6 Nd3+ 38. Kg3 Nxc5 39. Bc2+
Kg7 40. Rf4 Rc7 41. h4 Ne6 42. Bd3 Rc5 0-1